Natural language processing and knowledge representation (Record no. 176346)

000 -LEADER
fixed length control field 00417nam a2200133Ia 4500
008 - FIXED-LENGTH DATA ELEMENTS--GENERAL INFORMATION
fixed length control field 220217s9999||||xx |||||||||||||| ||und||
020 ## - INTERNATIONAL STANDARD BOOK NUMBER
International Standard Book Number 81-7371-391-X
082 ## - DEWEY DECIMAL CLASSIFICATION NUMBER
Classification number 005.13 IWA
100 ## - MAIN ENTRY--PERSONAL NAME
Personal name Iwanska, Lucja, M and Shapiro, Stuart, C
9 (RLIN) 5411
245 #0 - TITLE STATEMENT
Title Natural language processing and knowledge representation
260 ## - PUBLICATION, DISTRIBUTION, ETC.
Place of publication, distribution, etc. Univercity press
Name of publisher, distributor, etc. Hyderabad
Date of publication, distribution, etc. 2001
300 ## - PHYSICAL DESCRIPTION
Other physical details 495
650 ## - SUBJECT ADDED ENTRY--TOPICAL TERM
Topical term or geographic name entry element PROGRAMMING LANGUAGE
Holdings
Withdrawn status Lost status Damaged status Not for loan Collection code Home library Current library Shelving location Date acquired Full call number Barcode Date last seen Price effective from Koha item type
        Computer Science and Engineering Central Library Central Library Reference 02/18/2022 005.13 IWA 11535 02/18/2022 02/18/2022 Books

Powered by Koha